Fremdsprachenunterricht und der Einsatz von Multimedia: Möglichkeit beim lernen und lehren wissenschftliche Monographie

Bibliographic Details
Main Authors: Harajová, Alica, 1955- (Author), Lagerová, Viera, 1955- (Author)
Format: Book
Language:German
PhysicalDescription:145 strán fotografie, grafy, ilustrácie 21 cm
Published: Bratislava Z-F Lingua 2023
ISBN:9788081771002
Edition:Prvé vydanie
Subjects:

MARC

LEADER 00000nam a2200000 4500
001 vtls012234714
003 SK-MaSNL
005 20260301032650.0
008 230712s2023 xo oda frn 000 0dger
015 |a SNBA2023/09 
020 |a 9788081771002  |q (brožované) 
040 |a SNK  |b slo  |c SNK  |e rda 
041 0 |a ger 
044 |a xo  |c SK 
072 7 |a 81  |x Lingvistika. Jazyky  |2 konspekt 
080 |a 81`24  |2 2011 
080 |a (048.8)  |2 2011 
080 |a 004.032.6  |2 2011 
080 |a 37.016.026  |2 2011 
080 |a 004.42.032.6:371.3  |2 2011 
100 1 |a Harajová, Alica,  |d 1955-  |4 aut  |9 233414 
245 1 0 |a Fremdsprachenunterricht und der Einsatz von Multimedia: Möglichkeit beim lernen und lehren  |b wissenschftliche Monographie  |c Alica Harajová, Viera Lagerová 
250 |a Prvé vydanie 
264 1 |a Bratislava  |b Z-F Lingua  |c 2023 
300 |a 145 strán  |b fotografie, grafy, ilustrácie  |c 21 cm 
336 |a text  |b txt  |2 rdacontent 
337 |a bez média  |b n  |2 rdamedia 
338 |a zväzok  |b nc  |2 rdacarrier 
366 |e 150 kusov 
500 |a Obsahuje profesijné údaje o autorkách na zadnej strane obálky publikácie 
504 |a Bibliografia na strane 110-117 
650 0 7 |a vyučovanie jazykov  |2 SNKPH  |9 31418 
650 0 7 |a Language teaching and learning  |2 SNKPHeng  |9 267180 
650 0 7 |a multimédiá  |2 SNKPH  |9 2022 
650 0 7 |a Multimedia  |2 SNKPHeng  |9 2022 
650 0 7 |a didaktika vyučovacích predmetov  |2 SNKPH  |9 4030 
650 0 7 |a Teaching school subjects  |2 SNKPHeng  |9 270805 
650 0 7 |a multimediálne výukové programy  |2 SNKPH  |9 121675 
650 0 7 |a Multimedia education programs  |2 SNKPHeng  |9 329943 
655 7 |a monografie  |2 SNKPH  |9 70139 
655 7 |a Monographs  |2 SNKPHeng  |9 120675 
700 1 |a Lagerová, Viera,  |d 1955-  |4 aut  |9 233412 
852 |a Slovenská národná knižnica 
919 |a 978-80-8177-100-2 
954 |a odborná, vedecká literatúra pôvodná (slovenská)  |2 lita 
958 |a NB 
999 |c 578778  |d 580708 
952 |a SNK  |b SNK  |y PREZ  |7 0  |p 17A1532516  |o snkSC 202850  |i snk2023/10697  |8 0  |z  ;   |0 0  |1 0  |4 0  |d 2023-07-12  |l 0  |r 2025-10-27 00:00:00  |w 2026-02-23 
952 |a SNK  |b SNK  |y VYP  |7 0  |p 17A1532517  |o snkSC 202850 D1  |i snk2023/10698  |8 0  |0 0  |1 0  |4 0  |d 2023-07-12  |l 0  |r 2026-02-23 14:41:54  |w 2026-02-23